000 00278nam a2200121Ia 4500
008 190216s9999||||xx |||||||||||||| ||und||
100 _aKunhiraman Nair
245 0 _aNirvananisa
260 _bPoorna Pubs Kozhikode
_c1967
300 _a145p
650 _aKavithkal
942 _cBK
999 _c25177
_d25177